Normal view
MARC view
- Madaus, Joseph W
Entry Personal Name
001 - CONTROL NUMBER
- control field: 96148
003 - CONTROL NUMBER IDENTIFIER
- control field: NUST
005 - DATE AND TIME OF LATEST TRANSACTION
- control field: 20220801154632.0
008 - FIXED-LENGTH DATA ELEMENTS
- fixed length control field: 220801|| aca||aabn | a|a d
040 ## - CATALOGING SOURCE
- Original cataloging agency: NUST
- Transcribing agency: NUST
100 ## - HEADING--PERSONAL NAME
- Personal name: Madaus, Joseph W
670 ## - SOURCE DATA FOUND
- Source citation: Work cat.: (NUST)0: Preparing students with disabilities for college success :, c2010.
